000
00268nam a2200097Ia 4500
082
_a
ETF PETE
245
0
_a
Daniel Fox and the jester's legacy
100
_a
PETERSEN, Andy Johannesburg, 2009
_9
76174
942
_c
BK
008
210817s9999 xx 000 0 und d
999
_c
252846
_d
252845